[Event "Reykjavik Open 2024"]
[Site "Reykjavik ISL"]
[Date "2024.03.15"]
[Round "1.97"]
[White "Pujari, Rucha"]
[Black "Speck, Stefan"]
[Result "1-0"]
[WhiteTitle "WIM"]
[WhiteElo "2147"]
[BlackElo "1921"]
[WhiteFideId "5024528"]
[BlackFideId "4639219"]
[EventDate "2024.03.15"]

1. d4 d5 2. c4 c6 3. cxd5 cxd5 4. Nc3 Nf6 5. Bf4 Nc6 6. e3 a6 7. Bd3 g6 8. h3
Bg7 9. Nf3 O-O 10. Rc1 Nh5 11. Bh2 Kh8 12. a3 e6 13. b4 Qe7 14. O-O f5 15. Na4
Bd7 16. Nc5 Ra7 17. Rc2 Be8 18. Be2 h6 19. Nd3 Nf6 20. Nfe5 Kh7 21. Qb1 Ne4 22.
Rfc1 Qh4 23. Nf3 Qf6 24. a4 Qd8 25. b5 axb5 26. axb5 Ne7 27. Qb4 Bf6 28. Rc7 Ra1
29. Rxa1 Qxc7 30. Bxc7 1-0

[Event "Reykjavik Open 2024"]
[Site "Reykjavik ISL"]
[Date "2024.03.15"]
[Round "1.98"]
[White "Bugaj, Hanna"]
[Black "Duong, Thanh Nha"]
[Result "0-1"]
[BlackTitle "IM"]
[WhiteElo "1920"]
[BlackElo "2144"]
[WhiteFideId "21829870"]
[BlackFideId "2601079"]
[EventDate "2024.03.15"]

1. d4 Nf6 2. c4 e6 3. Nf3 b6 4. g3 Ba6 5. Qc2 d5 6. Nbd2 Be7 7. Bg2 O-O 8. O-O
c5 9. b3 Nc6 10. dxc5 bxc5 11. Bb2 Rc8 12. Rfd1 Qb6 13. Rac1 Rfd8 14. Qb1 d4 15.
Ne4 Bb7 16. Ne1 Nxe4 17. Qxe4 Rd7 18. h4 Nd8 19. Qg4 f5 20. Qh3 Nf7 21. Nd3 Bxg2
22. Qxg2 Bd6 23. Rc2 a5 24. Bc1 Qa7 25. Nb2 e5 26. Qd5 g6 27. Qh1 e4 28. h5 Ne5
29. h6 Rcd8 30. Bg5 Re8 31. Rcd2 d3 32. Bf4 dxe2 33. Rxe2 Red8 34. Rxd6 Rxd6 35.
Kg2 Re6 36. Qh4 Nf7 37. Na4 Rd3 38. Nb2 Rd4 39. Be3 Red6 40. Na4 Kf8 41. Nc3 Qe7
42. Qh1 g5 43. Nd5 Qe5 44. Qe1 R4xd5 45. cxd5 f4 46. gxf4 gxf4 47. Bxf4 Qxf4 48.
Rxe4 Qg5+ 49. Kf1 Rxh6 50. Re8+ Kg7 51. Qc3+ Qf6 52. Qg3+ Rg6 53. Qc7 Qa1+ 54.
Re1 Qd4 55. Qxa5 Qd3+ 56. Re2 Rh6 57. Qd2 Rh1+ 0-1

[Event "Reykjavik Open 2024"]
[Site "Reykjavik ISL"]
[Date "2024.03.15"]
[Round "1.99"]
[White "Bergsson, Stefan"]
[Black "Kaser, Nicolas"]
[Result "1-0"]
[WhiteElo "2144"]
[BlackElo "1919"]
[WhiteFideId "2301393"]
[BlackFideId "1327739"]
[EventDate "2024.03.15"]

1. c4 c5 2. Nc3 Nc6 3. g3 g6 4. Bg2 Bg7 5. e4 d6 6. Nge2 e6 7. d3 Nge7 8. Be3
Nd4 9. O-O O-O 10. Rb1 Nec6 11. h3 Rb8 12. Qd2 a6 13. g4 b5 14. b3 Bd7 15. Ng3
Ne7 16. Bh6 Bc6 17. Bxg7 Kxg7 18. f4 f5 19. Rbe1 Qd7 20. Nce2 Nxe2+ 21. Qxe2
Rbe8 22. Qb2+ Kg8 23. cxb5 axb5 24. gxf5 exf5 25. Kh2 h5 26. Rg1 Kh7 27. exf5
Nxf5 28. Bxc6 Qxc6 29. Ne4 Nd4 30. Qg2 d5 31. Ng5+ Kg7 32. b4 Rxf4 33. Rxe8 Qxe8
34. Qxd5 Rf2+ 35. Kh1 Qc6 36. Qxc6 Nxc6 37. bxc5 Rxa2 38. Rf1 b4 39. Rf7+ Kg8
40. Rb7 Rd2 41. Rb6 Nd4 42. Rb8+ Kg7 43. Rxb4 Nc6 44. Rb7+ Kh6 45. h4 Ne7 46.
Nf7+ Kg7 47. Rxe7 1-0

[Event "Reykjavik Open 2024"]
[Site "Reykjavik ISL"]
[Date "2024.03.15"]
[Round "1.100"]
[White "Sushanth, Kamabathula"]
[Black "Mueller, Magnus"]
[Result "1/2-1/2"]
[WhiteElo "1918"]
[BlackElo "2144"]
[WhiteFideId "25712667"]
[BlackFideId "16230060"]
[EventDate "2024.03.15"]

1. e4 c5 2. Nf3 e6 3. d4 cxd4 4. Nxd4 Nc6 5. Nc3 a6 6. Be3 Nf6 7. a3 Qc7 8. Be2
Be7 9. O-O O-O 10. Qd2 d6 11. f4 Nxd4 12. Bxd4 b5 13. Bf3 Bb7 14. Rad1 Rad8 15.
f5 e5 16. Be3 Rfe8 17. Qf2 Qc4 18. Be2 Qc8 19. Bf3 Qc4 20. Be2 Qc8 21. Bf3 Qa8
22. Qg3 Kh8 23. Bg5 Bc6 24. Bxf6 Bxf6 25. Qf2 Rd7 26. Nd5 Bxd5 27. Rxd5 Qc6 28.
c3 Rb8 29. Qd2 a5 30. Rd1 Rb6 31. Be2 h6 32. g3 Qb7 33. Qd3 Rd8 34. b3 1/2-1/2

[Event "Reykjavik Open 2024"]
[Site "Reykjavik ISL"]
[Date "2024.03.15"]
[Round "1.101"]
[White "Beatty, Samuel"]
[Black "Sanitt, Ethan"]
[Result "0-1"]
[WhiteElo "1731"]
[BlackElo "1914"]
[WhiteFideId "1344390"]
[BlackFideId "427462"]
[EventDate "2024.03.15"]

1. d4 Nf6 2. c4 c5 3. d5 b5 4. cxb5 a6 5. Nc3 g6 6. e4 d6 7. Nf3 Bg7 8. Bc4 O-O
9. O-O axb5 10. Bxb5 Qb6 11. Qe2 Ba6 12. Bxa6 Rxa6 13. e5 dxe5 14. Nxe5 Rd8 15.
Nc4 Qb7 16. Ne3 e6 17. dxe6 Rxe6 18. Qc4 Qc7 19. Ncd5 Nxd5 20. Nxd5 Qe5 21. Ne3
Nc6 22. a4 Rd4 23. Qc2 Rh4 24. h3 Nd4 25. Qd1 Rd6 26. Re1 Ne6 27. Qe2 Nf4 28.
Qf3 Nd3 29. Re2 Re4 30. a5 Qe6 31. a6 Nxc1 32. Rc2 Rxa6 33. Rxa6 Qxa6 34. Qxe4
Qa1 35. Kh2 Bd4 36. Kg3 Qb1 37. Qe8+ Kg7 38. Qa4 Nd3 39. Qb3 Be5+ 40. Kf3 Ne1+
41. Ke4 Bd4 42. Kd5 Nxc2 43. Nxc2 Bxf2 44. Qc3+ Kg8 45. g4 Qh1+ 46. Kc4 Qe4+ 47.
Kb3 Qb7+ 48. Kc4 Qa6+ 49. Kd5 Qe6# 0-1

[Event "Reykjavik Open 2024"]
[Site "Reykjavik ISL"]
[Date "2024.03.15"]
[Round "1.102"]
[White "Larkin, Benjamin"]
[Black "Jonatansson, Sigurdur Freyr"]
[Result "1-0"]
[WhiteElo "1914"]
[BlackElo "1731"]
[WhiteFideId "479977"]
[BlackFideId "2303116"]
[EventDate "2024.03.15"]

1. e4 c5 2. Nf3 e6 3. d4 cxd4 4. Nxd4 a6 5. Bd3 Qc7 6. O-O Bc5 7. Nb3 Ba7 8. Qg4
g6 9. Qe2 Nc6 10. c4 Nd4 11. Nxd4 Bxd4 12. Be3 Bxe3 13. Qxe3 Qe5 14. Nc3 d6 15.
f4 Qa5 16. Qd4 Qc5 17. Qxc5 dxc5 18. Na4 Bd7 19. Nxc5 Bc6 20. e5 O-O-O 21. Rad1
Ne7 22. Be4 b6 23. Bxc6 bxc5 24. Be4 Kc7 25. Kf2 Rd4 26. Rxd4 cxd4 27. b4 Nc6
28. Bxc6 Kxc6 29. Ke2 Rb8 30. Rb1 a5 31. a3 axb4 32. axb4 f5 33. Kd3 Rd8 34. b5+
Kc5 35. b6 Rb8 36. b7 h6 37. Rb5+ Kc6 38. Kxd4 Rxb7 39. Rxb7 Kxb7 40. Kc5 Kc7
41. h4 h5 42. g3 Kd7 43. Kb6 Kd8 44. Kb7 1-0

[Event "Reykjavik Open 2024"]
[Site "Reykjavik ISL"]
[Date "2024.03.15"]
[Round "1.103"]
[White "Bernard, Christopher"]
[Black "Heidarsson, Mikael Bjarki"]
[Result "0-1"]
[WhiteElo "1728"]
[BlackElo "1913"]
[WhiteFideId "447447"]
[BlackFideId "2317532"]
[EventDate "2024.03.15"]

1. Nf3 Nf6 2. d4 g6 3. g3 d5 4. Bg2 Bg7 5. O-O O-O 6. Nc3 Bf5 7. Bf4 c6 8. Qd2
Re8 9. Rfe1 Ne4 10. Nxe4 Bxe4 11. Ne5 Bxg2 12. Kxg2 Na6 13. Rad1 e6 14. f3 c5
15. c3 Rc8 16. e4 c4 17. Ng4 h5 18. Nh6+ Kf8 19. h3 dxe4 20. fxe4 Bf6 21. Qf2
Kg7 22. d5 e5 23. Be3 Rh8 24. Nxf7 Kxf7 25. Rf1 Kg7 26. Bxa7 Rf8 27. Qe3 Qd6 28.
a3 Nc5 29. Bxc5 Rxc5 30. Rf3 Rc7 31. Rdf1 Rcf7 32. Qe2 b5 33. a4 Qc5 34. a5 Ra7
35. Ra1 Ra6 36. Qf1 Bd8 37. Rxf8 Qxf8 38. Qd1 Rxa5 39. Rxa5 Bxa5 40. d6 Bb6 41.
Qd2 Qf6 42. d7 Bc7 43. Qd5 Bb6 44. Qd2 Kf7 45. Qd5+ Ke7 46. d8=Q+ Bxd8 47. Qc5+
Qd6 48. Qxb5 Bb6 49. Qd5 Qxd5 50. exd5 Kd6 51. Kf3 Kxd5 52. g4 hxg4+ 0-1

[Event "Reykjavik Open 2024"]
[Site "Reykjavik ISL"]
[Date "2024.03.15"]
[Round "1.104"]
[White "Naudin, Yvan"]
[Black "Magnussen, Petur Gardar"]
[Result "1/2-1/2"]
[WhiteElo "1912"]
[BlackElo "1727"]
[WhiteFideId "625957"]
[BlackFideId "7203802"]
[EventDate "2024.03.15"]

1. d4 d5 2. c4 e6 3. Nc3 Nf6 4. Nf3 Be7 5. Bg5 O-O 6. e3 c6 7. Qc2 Nbd7 8. cxd5
Nxd5 9. Bxe7 Qxe7 10. a3 e5 11. Nxd5 cxd5 12. Nxe5 Nxe5 13. dxe5 Qxe5 14. Bd3 h6
15. O-O Be6 16. Qd2 f5 17. Rfe1 Rac8 18. Qb4 Rc7 19. Qf4 Qxf4 20. exf4 Rc6 21.
Re5 Rf6 22. Rae1 Kf7 23. f3 Rb6 24. R1e2 Rb3 25. Bb1 Rb6 26. Kf2 Rd6 27. Ke3 d4+
28. Kd3 a6 29. Rxe6 Rfxe6 30. Ba2 Ke7 31. Rxe6+ Rxe6 32. Bxe6 Kxe6 33. Kxd4 Kd6
34. a4 a5 35. g4 g6 36. gxf5 gxf5 37. h3 h5 38. h4 b6 39. b3 Ke6 40. Kc4 Kd6 41.
Kb5 Kc7 42. Kc4 Kc6 43. b4 axb4 44. Kxb4 Kd6 45. Kb5 1/2-1/2

[Event "Reykjavik Open 2024"]
[Site "Reykjavik ISL"]
[Date "2024.03.15"]
[Round "1.105"]
[White "Perchard, Matthew"]
[Black "Van Meter, Lester"]
[Result "0-1"]
[BlackTitle "FM"]
[WhiteElo "1724"]
[BlackElo "1906"]
[WhiteFideId "343404235"]
[BlackFideId "2001691"]
[EventDate "2024.03.15"]

1. e4 c5 2. Nf3 Nc6 3. Bb5 g6 4. O-O Bg7 5. Re1 Nf6 6. e5 Nd5 7. Nc3 Nc7 8. Bxc6
dxc6 9. Ne4 Ne6 10. d3 O-O 11. Be3 b6 12. Qd2 Qc7 13. Bh6 Bd7 14. Bxg7 Nxg7 15.
Ng3 Bg4 16. Qe3 Bxf3 17. Qxf3 Rad8 18. Re4 Rd4 19. Rae1 Ne6 20. Qe3 Rxe4 21.
Qxe4 Qd7 22. Qg4 Qd4 23. Qxd4 cxd4 24. a4 Rd8 25. Ne4 Rd5 26. Nd2 Rc5 27. c4
dxc3 28. Ne4 Rxe5 29. Nf6+ exf6 30. Rxe5 fxe5 31. bxc3 Nc5 32. d4 Nxa4 33. dxe5
Nxc3 34. Kf1 a5 35. f4 a4 36. g4 a3 37. h4 a2 38. Kf2 a1=Q 39. f5 gxf5 40. gxf5
Qd1 41. e6 fxe6 42. fxe6 Qd4+ 43. Kg3 Nd5 44. e7 Qe3+ 45. Kg4 Kf7 46. h5 Nf6+
47. Kh4 Qf3 48. e8=Q+ Kxe8 49. Kg5 Kf7 0-1

[Event "Reykjavik Open 2024"]
[Site "Reykjavik ISL"]
[Date "2024.03.15"]
[Round "1.106"]
[White "Thieu, Nguyen Gia Bao"]
[Black "Salzmann, Jan"]
[Result "1/2-1/2"]
[WhiteElo "1906"]
[BlackElo "1722"]
[WhiteFideId "12913383"]
[BlackFideId "24693634"]
[EventDate "2024.03.15"]

1. e4 e5 2. Bc4 Nc6 3. Nf3 Bb4 4. c3 Ba5 5. O-O d6 6. d4 Bg4 7. Qb3 Qd7 8. dxe5
Bxf3 9. e6 fxe6 10. Bxe6 Qe7 11. gxf3 Bb6 12. Bxg8 Kd7 13. Bc4 Ne5 14. Be2 Qh4
15. Be3 Raf8 16. Nd2 Rf6 17. Rfd1 Bxe3 18. fxe3 Rg6+ 19. Kh1 Qf2 20. Rg1 Qxe2
21. Qd1 Qxe3 22. Qe1 Rxg1+ 1/2-1/2

[Event "Reykjavik Open 2024"]
[Site "Reykjavik ISL"]
[Date "2024.03.15"]
[Round "1.107"]
[White "Andrieu, Justin"]
[Black "Tripathi, Pratyush"]
[Result "0-1"]
[WhiteElo "1720"]
[BlackElo "1905"]
[WhiteFideId "1099795"]
[BlackFideId "1763121"]
[EventDate "2024.03.15"]

1. e4 c5 2. Nf3 e6 3. d4 cxd4 4. Nxd4 a6 5. Nc3 b5 6. Bd3 Bb7 7. Bf4 d6 8. Bg3
Nf6 9. a3 Nbd7 10. b4 Qc7 11. Qd2 h5 12. h3 Rc8 13. Nde2 h4 14. Bf4 Ne5 15. Bxe5
dxe5 16. Qg5 Rh5 17. Qe3 Nd7 18. O-O Qb6 19. Qf3 Rg5 20. Na2 Nf6 21. Nac1 Rf5
22. Qe3 Qxe3 23. fxe3 Rxf1+ 24. Kxf1 Nxe4 25. Nb3 Nf6 26. Nd2 e4 0-1

[Event "Reykjavik Open 2024"]
[Site "Reykjavik ISL"]
[Date "2024.03.15"]
[Round "1.108"]
[White "Yazgi, Huseyin Yigit"]
[Black "Wolterink, Jule"]
[Result "0-1"]
[WhiteElo "1905"]
[BlackElo "1720"]
[WhiteFideId "6307060"]
[BlackFideId "12981206"]
[EventDate "2024.03.15"]

1. e4 e6 2. d4 d5 3. exd5 exd5 4. Nf3 Bd6 5. c4 c6 6. Nc3 Ne7 7. Bg5 f6 8. Bh4
Bf5 9. c5 Bf4 10. Bg3 Qc7 11. Be2 Nd7 12. b4 O-O 13. a4 b6 14. cxb6 Nxb6 15. O-O
Ng6 16. Re1 a6 17. Nd2 Qa7 18. Nb3 Rab8 19. Na5 Rfc8 20. Bf1 Kh8 21. Bxf4 Nxf4
22. Qf3 Qc7 23. Bxa6 Re8 24. Kh1 Bg6 25. Nxc6 Qxc6 26. Bb5 Rxe1+ 27. Rxe1 Qd6
28. Qe3 Nc4 29. Qe7 Qb6 30. Bxc4 dxc4 31. Nb5 Qc6 32. d5 Qxd5 33. f3 Nd3 34. Nc7
Qd4 35. Qe3 Qd6 36. Qe7 Qb6 0-1

[Event "Reykjavik Open 2024"]
[Site "Reykjavik ISL"]
[Date "2024.03.15"]
[Round "1.109"]
[White "Adlerborn, Elis"]
[Black "Erskine-Pereira, Jack"]
[Result "0-1"]
[WhiteElo "1719"]
[BlackElo "1903"]
[WhiteFideId "1768280"]
[BlackFideId "486388"]
[EventDate "2024.03.15"]

1. e4 e6 2. c4 d5 3. cxd5 exd5 4. exd5 Nf6 5. Bb5+ Bd7 6. Bc4 Bg4 7. Qb3 Bd6 8.
Qe3+ Kd7 9. Bb5+ c6 10. dxc6+ Nxc6 11. Ne2 Re8 12. Qg5 Bxe2 13. Bxe2 Nd4 14. Nc3
Rxe2+ 15. Nxe2 Qe7 16. O-O Qxe2 17. Qe3 Bxh2+ 18. Kh1 Qxf1+ 0-1

[Event "Reykjavik Open 2024"]
[Site "Reykjavik ISL"]
[Date "2024.03.15"]
[Round "1.110"]
[White "Saemundsson, Bjarni"]
[Black "Olsen, Rogvi Heinason"]
[Result "1/2-1/2"]
[WhiteElo "1903"]
[BlackElo "1710"]
[WhiteFideId "2302900"]
[BlackFideId "7204213"]
[EventDate "2024.03.15"]

1. Nc3 d5 2. Nf3 Nf6 3. d4 e6 4. Bg5 Nbd7 5. e3 Be7 6. Bd3 O-O 7. a3 c5 8. O-O
Re8 9. Re1 b6 10. e4 dxe4 11. Nxe4 Bb7 12. c3 cxd4 13. Nxd4 Nxe4 14. Bxe7 Qxe7
15. Bxe4 Nf6 16. Bxb7 Qxb7 17. Qf3 Qxf3 18. Nxf3 Rad8 19. Rad1 Kf8 20. Ne5 Rc8
21. Nd7+ Nxd7 22. Rxd7 Re7 23. Red1 Rc7 24. R7d6 f6 25. Kf1 Kf7 26. Ke2 e5 27.
R1d3 Rc4 28. Kd2 f5 29. b3 Rcc7 30. R3d5 Re6 31. Rd7+ Rxd7 32. Rxd7+ Re7 33. Rd6
Re6 34. Rd7+ Re7 35. Rd6 Re6 36. Rd7+ Re7 1/2-1/2

[Event "Reykjavik Open 2024"]
[Site "Reykjavik ISL"]
[Date "2024.03.15"]
[Round "1.111"]
[White "Hallmundarson, Birkir"]
[Black "Eliasson, Kristjan Orn"]
[Result "0-1"]
[WhiteElo "1708"]
[BlackElo "1902"]
[WhiteFideId "2319446"]
[BlackFideId "2301784"]
[EventDate "2024.03.15"]

1. Nf3 d6 2. d4 Nf6 3. Bg5 g6 4. c4 Bg7 5. Nc3 c6 6. e4 Qa5 7. Qd2 e5 8. d5 c5
9. Bd3 h6 10. Bh4 a6 11. O-O Nh5 12. Ne2 Qxd2 13. Nxd2 Nf4 14. Nxf4 exf4 15. f3
Bxb2 16. Rab1 Bc3 17. Nb3 Nd7 18. Rfc1 Bg7 19. Bc2 g5 20. Be1 b5 21. Na5 Bd4+
22. Kf1 b4 23. Ba4 O-O 24. Nc6 Bf6 25. Bf2 a5 26. Ke2 Nb6 27. Bb5 Nd7 28. Ba4
Kg7 29. g3 Ne5 30. gxf4 gxf4 31. Nxe5 Bxe5 32. Rg1+ Kh7 33. h4 Rg8 34. Rxg8 Kxg8
35. Rg1+ Kh7 36. Bc6 Ra7 37. Rb1 f5 38. Rg1 a4 39. Rb1 fxe4 40. Rxb4 e3 41. Rb8
Ba6 42. Be1 Bxc4+ 43. Kd1 Bxa2 44. h5 Bb3+ 45. Kc1 Bc4 46. Bg3 fxg3 47. f4 e2
48. fxe5 e1=Q+ 49. Kc2 Qe2+ 50. Kb1 g2 51. Ka1 g1=Q+ 52. Rb1 Qxe5# 0-1

[Event "Reykjavik Open 2024"]
[Site "Reykjavik ISL"]
[Date "2024.03.15"]
[Round "1.112"]
[White "Jansen, Marijn"]
[Black "Molina Cruz, Jurgen Snaider"]
[Result "0-1"]
[WhiteElo "1899"]
[BlackElo "1708"]
[WhiteFideId "1089587"]
[BlackFideId "3911381"]
[EventDate "2024.03.15"]

1. e4 Nf6 2. e5 Nd5 3. d4 d6 4. c4 Nb6 5. f4 g5 6. Nc3 Bg7 7. Be3 gxf4 8. Bxf4
dxe5 9. Bxe5 Bxe5 10. dxe5 Qxd1+ 11. Rxd1 Nc6 12. Nb5 O-O 13. Nxc7 Bg4 14. Nxa8
Bxd1 15. Nxb6 axb6 16. Kxd1 Nxe5 17. Be2 Rd8+ 18. Kc2 Nc6 19. Nf3 Nb4+ 20. Kb1
Ra8 21. a3 Nc6 22. Rd1 Kf8 23. Nd4 Ke8 24. Nxc6 bxc6 25. Bf3 Rc8 26. b4 Rc7 27.
b5 cxb5 28. cxb5 Kf8 29. Rd8+ Kg7 30. Rb8 Ra7 31. Kb2 Kf6 32. Rxb6+ Kg5 33. Ra6
Rd7 34. b6 Rd2+ 35. Kc3 Rd6 36. Ra5+ f5 37. b7 Rb6 38. Ra8 0-1

[Event "Reykjavik Open 2024"]
[Site "Reykjavik ISL"]
[Date "2024.03.15"]
[Round "1.113"]
[White "Rognvaldsson, Geir"]
[Black "Spencer, Aaron"]
[Result "0-1"]
[WhiteElo "1699"]
[BlackElo "1899"]
[WhiteFideId "2304090"]
[BlackFideId "2061368"]
[EventDate "2024.03.15"]

1. e4 c5 2. Nc3 Nc6 3. Nf3 g6 4. d4 cxd4 5. Nxd4 Bg7 6. Be3 Nf6 7. Be2 O-O 8.
O-O d5 9. exd5 Nxd5 10. Nxd5 Qxd5 11. Bf3 Qa5 12. Nxc6 bxc6 13. c3 Rd8 14. Qc2
Qc7 15. Rad1 Bf5 16. Qa4 Bd3 17. Rfe1 Be5 18. g3 Rab8 19. Be2 Bf5 20. Rxd8+ Rxd8
21. Rd1 Rxd1+ 22. Bxd1 Qd7 23. Bf3 Qd3 24. Qxc6 Bh3 25. Qa8+ Kg7 26. Bh6+ Kxh6
27. Qf8+ Bg7 0-1

[Event "Reykjavik Open 2024"]
[Site "Reykjavik ISL"]
[Date "2024.03.15"]
[Round "1.114"]
[White "Pisan, Kai"]
[Black "Liagre, Nicolas Gonzague Henri"]
[Result "1-0"]
[WhiteElo "1897"]
[BlackElo "1698"]
[WhiteFideId "39904881"]
[BlackFideId "6002390"]
[EventDate "2024.03.15"]

1. d4 d5 2. c4 e6 3. Nf3 c6 4. g3 Nf6 5. Nc3 Be7 6. Bg2 O-O 7. O-O Nbd7 8. Nd2
b5 9. cxb5 cxb5 10. Nxb5 Qb6 11. Qa4 Ba6 12. Nc3 Bb4 13. Re1 Rfc8 14. Rb1 Rab8
15. a3 Bd6 16. e4 dxe4 17. Ndxe4 Rc4 18. b4 Nxe4 19. Nxe4 Bb5 20. Qb3 Be7 21.
Bf4 Rbc8 22. Nc5 Rxd4 23. Be3 Qd6 24. Bxd4 Qxd4 25. Red1 Bxc5 26. Rxd4 Bxd4 27.
a4 Bc4 28. Qd1 e5 29. Rc1 Nf8 30. Bf1 Be6 31. Rxc8 Bxc8 32. Bc4 g6 33. b5 Kg7
34. a5 Nd7 35. Qf3 Nf6 36. b6 axb6 37. axb6 e4 38. Qb3 Bb7 39. Bxf7 Ng4 40. Bd5
Bxf2+ 41. Kh1 Bc8 42. b7 1-0

[Event "Reykjavik Open 2024"]
[Site "Reykjavik ISL"]
[Date "2024.03.15"]
[Round "1.115"]
[White "Pointier, Pierre"]
[Black "Solsker, Tummas M."]
[Result "0-1"]
[WhiteElo "1698"]
[BlackElo "1897"]
[WhiteFideId "343104638"]
[BlackFideId "7200480"]
[EventDate "2024.03.15"]

1. d4 Nf6 2. Bf4 d5 3. e3 Bf5 4. c4 e6 5. Nc3 Bd6 6. Bg3 O-O 7. Nf3 c5 8. Be2 h6
9. O-O Nc6 10. Rc1 Bxg3 11. hxg3 cxd4 12. Nxd4 Nxd4 13. Qxd4 dxc4 14. Qxc4 Rc8
15. Qb3 Ne4 16. Qxb7 Rb8 17. Qxa7 Rxb2 18. Bf3 Nxc3 19. Rxc3 Qd2 20. Qd4 Rxa2
21. Qxd2 Rxd2 22. e4 Bg6 23. Re3 Rb8 24. g4 Rbb2 25. Ree1 e5 26. Rb1 Rxf2 27.
Rxb2 Rxb2 28. Rf2 Rb4 29. Re2 Kf8 30. Kf2 Ke7 31. Ke3 Rb3+ 32. Kf2 Kf6 33. Re3
Rxe3 34. Kxe3 Kg5 35. g3 f6 36. Kf2 Bf7 37. Kg2 Be6 0-1

[Event "Reykjavik Open 2024"]
[Site "Reykjavik ISL"]
[Date "2024.03.15"]
[Round "1.116"]
[White "Banerjee, Aryan"]
[Black "Arun, Rahul"]
[Result "1-0"]
[WhiteElo "1896"]
[BlackElo "1693"]
[WhiteFideId "1765035"]
[BlackFideId "2524210"]
[EventDate "2024.03.15"]

1. Nf3 Nf6 2. g3 d5 3. Bg2 c5 4. O-O Nc6 5. d4 e6 6. c4 dxc4 7. dxc5 Qxd1 8.
Rxd1 Bxc5 9. Nbd2 c3 10. bxc3 O-O 11. Nb3 Bb6 12. Ba3 Re8 13. Nfd4 Nxd4 14. cxd4
e5 15. Bc5 Bxc5 16. Nxc5 Rb8 17. dxe5 Rxe5 18. Rd8+ Re8 19. Rxe8+ Nxe8 20. Rd1
Kf8 21. Nd7+ Bxd7 22. Rxd7 b5 23. Rxa7 Nd6 24. Ra8 Rxa8 25. Bxa8 b4 26. Bd5 f6
27. Kf1 Ke7 28. Ke1 Nb5 29. Kd2 Kd6 30. Bg8 h6 31. Kd3 Kc5 32. h4 Nd6 33. e4 Nc8
34. h5 Ne7 35. Bf7 Nc6 36. f4 Ne7 37. g4 Nc6 38. Bd5 Ne7 39. Be6 Nc6 40. Bd5 Ne7
41. Bf7 Nc6 42. e5 fxe5 43. f5 Kd6 44. Ke4 Ne7 45. g5 1-0

[Event "Reykjavik Open 2024"]
[Site "Reykjavik ISL"]
[Date "2024.03.15"]
[Round "1.117"]
[White "Sigfusson, Ottar Orn Bergmann"]
[Black "Airlie, Arran"]
[Result "0-1"]
[WhiteElo "1693"]
[BlackElo "1894"]
[WhiteFideId "2313057"]
[BlackFideId "442011"]
[EventDate "2024.03.15"]

1. e4 c6 2. d4 d5 3. Nc3 dxe4 4. Nxe4 Nf6 5. Nxf6+ exf6 6. Bc4 Na6 7. Nf3 Nc7 8.
O-O Bd6 9. Re1+ Be6 10. Bd3 O-O 11. c4 Re8 12. Qc2 g6 13. Bh6 Qd7 14. Nh4 Bf8
15. Bxf8 Kxf8 16. Re4 f5 17. Re3 Qxd4 18. Nf3 Qf6 19. Rae1 Na6 20. a3 Nc5 21.
Ne5 f4 22. Rf3 Bg4 23. Nxg4 Rxe1+ 24. Bf1 Qf5 25. Qxf5 gxf5 26. Nf6 Rd8 0-1

[Event "Reykjavik Open 2024"]
[Site "Reykjavik ISL"]
[Date "2024.03.15"]
[Round "1.118"]
[White "Kjartansson, Matthias Bjorgvin"]
[Black "Einarsson, Eirikur Gardar"]
[Result "1/2-1/2"]
[WhiteElo "1893"]
[BlackElo "1690"]
[WhiteFideId "2319225"]
[BlackFideId "2307715"]
[EventDate "2024.03.15"]

1. d4 b6 2. c4 Bb7 3. Nc3 e6 4. Nf3 Nf6 5. Bg5 Be7 6. e3 d5 7. cxd5 Nxd5 8. Bxe7
Qxe7 9. Bd3 Nd7 10. O-O O-O 11. Rc1 c5 12. Nxd5 Bxd5 13. Bb5 cxd4 14. Qxd4 Nc5
15. b4 Ne4 16. Bc6 Rad8 17. Bxd5 exd5 18. Ne5 Rd6 19. Rc2 Ng5 20. Rfc1 Ne6 21.
Qg4 f5 22. Qg3 f4 23. exf4 Nxf4 24. Nf3 Rg6 25. Qh4 Rxg2+ 26. Kh1 Qe4 27. Rc3 d4
28. Re1 Qd5 1/2-1/2

[Event "Reykjavik Open 2024"]
[Site "Reykjavik ISL"]
[Date "2024.03.15"]
[Round "1.119"]
[White "Gronn, Embla Ekeland"]
[Black "Brand, Niels"]
[Result "0-1"]
[WhiteElo "1684"]
[BlackElo "1891"]
[WhiteFideId "1517600"]
[BlackFideId "1085107"]
[EventDate "2024.03.15"]

1. Nf3 d5 2. c4 c6 3. d4 Nf6 4. Nc3 e6 5. Bf4 Bb4 6. Bd2 Nbd7 7. e3 O-O 8. Bd3
dxc4 9. Bxc4 Re8 10. O-O h6 11. Qb3 Ba5 12. Rad1 b5 13. Bd3 Bc7 14. e4 e5 15. d5
Nc5 16. Qc2 b4 17. Ne2 Nxd3 18. Qxd3 cxd5 19. Bxb4 a5 20. Ba3 Ba6 21. Qc2 Nxe4
22. Ne1 Re6 23. Nd3 Ng5 24. Qd2 Bb6 25. Kh1 Ne4 26. Qe1 Qh4 27. g3 Qh5 28. f3
Ng5 29. Kg2 e4 30. Ndf4 exf3+ 31. Kh1 fxe2 0-1

[Event "Reykjavik Open 2024"]
[Site "Reykjavik ISL"]
[Date "2024.03.15"]
[Round "1.121"]
[White "Solsker, Jonas"]
[Black "Scotti, Martin"]
[Result "0-1"]
[WhiteElo "1681"]
[BlackElo "1885"]
[WhiteFideId "7204124"]
[BlackFideId "551035065"]
[EventDate "2024.03.15"]

1. d4 d5 2. Nf3 Nf6 3. g3 c5 4. c4 dxc4 5. Qa4+ Nc6 6. dxc5 e6 7. Bg2 Bd7 8.
Qxc4 Qa5+ 9. Bd2 Qxc5 10. Na3 Rc8 11. Qxc5 Bxc5 12. Rc1 Ne4 13. O-O Nxd2 14.
Nxd2 Be7 15. e3 O-O 16. Nac4 b5 17. Bxc6 Bxc6 18. Ne5 Bd5 19. a3 Rfd8 20. Nb1
Bf6 21. f4 Bc4 22. Nxc4 bxc4 23. Rc2 h6 24. Nd2 Bxb2 25. Nxc4 Bf6 26. Rfc1 Rd3
27. Kf2 Rcd8 28. e4 g5 29. e5 Be7 30. Rc3 gxf4 31. gxf4 R8d4 32. Ke2 Rxc3 33.
Rxc3 Rxf4 34. Nd6 Bxd6 35. exd6 Rd4 36. Rc6 Kg7 37. Ra6 Kf6 38. Ke3 Rd5 39. Kf4
h5 40. Rxa7 Rxd6 41. Ra5 Rd4+ 42. Kf3 e5 43. Ra6+ Kg5 44. Ra5 f6 45. Ra6 f5 46.
Ra8 e4+ 47. Ke2 Rd3 48. a4 Kf4 49. a5 Ra3 50. a6 Ra2+ 51. Kf1 Kf3 52. Rf8 Ra1# 0-1